000 01267nam a2200253Ia 4500
003 Ost
005 20260507075041.0
008 260507s9999||||xx |||||||||||||| ||und||
020 _a9957061550
040 _cfsecg
041 _aara
082 _a330
100 _aنور، عبد الناصر إبراهيم
_eمؤلف
245 0 _aالضرائب ومحاسبتها /
_c عبد الناصر إبراهيم نور
260 _aعمان:
_bدار المسرية للنشر,
_c2002
300 _a336 صفحة؛
_bإيضاحات ؛
_c24 سم
504 _aببلوغرافيا ص.335
520 _aالمدخل النظري لعلم الضريبة، نظام الضرائب في الأردن، تقديم الضريبة على الرواتب والأجور، الضريبة على الأرباح، تقدير الضرائب على المشروعات الفردية، تقديم الضرائب على الشركات، تقدير الضرائب على شركات التأمين، التهرب من الضريبة وأساليب مكافحة التهرب، الازدواج الضريبي
653 _aالأردن
653 _aالضرائب
653 _aالمحاسبة
700 _aعليان، الشريف
_eمؤلف ثانوي
942 _cكتاب
999 _c42516
_d42516